Bus 9 to Paradise (Record no. 11334)

MARC details
000 -LEADER
fixed length control field 00596nam a2200241 a 4500
001 - CONTROL NUMBER
control field 0001-1334
003 - CONTROL NUMBER IDENTIFIER
control field ELIB.Books
008 - FIXED-LENGTH DATA ELEMENTS--GENERAL INFORMATION
fixed length control field 150825 2010 eng
020 ## - INTERNATIONAL STANDARD BOOK NUMBER
International Standard Book Number 0943432677
035 ## - SYSTEM CONTROL NUMBER
System control number (ELIB.Books)0001-1489
092 ## - LOCALLY ASSIGNED DEWEY CALL NUMBER (OCLC)
Classification number 248.4
Item number Bus
100 ## - MAIN ENTRY--PERSONAL NAME
Personal name Buscaglia, Leo.
245 ## - TITLE STATEMENT
Title Bus 9 to Paradise
260 ## - PUBLICATION, DISTRIBUTION, ETC. (IMPRINT)
Place of publication, distribution, etc. New York
Name of publisher, distributor, etc. Leo F. Buscaglia, Inc.
Date of publication, distribution, etc. 1989
300 ## - PHYSICAL DESCRIPTION
Extent 276
Dimensions 24 Cm
500 ## - GENERAL NOTE
General note Dr. Min Oo
650 ## - SUBJECT ADDED ENTRY--TOPICAL TERM
Topical term or geographic name as entry element Christian Life
856 ## - ELECTRONIC LOCATION AND ACCESS
Name of location of host KBTS: Library
Uniform Resource Identifier <a href="KBTS: Elib">KBTS: Elib</a>
942 ## - ADDED ENTRY ELEMENTS (KOHA)
Source of classification or shelving scheme Dewey Decimal Classification
Koha item type Books
990 ## - EQUIVALENCES OR CROSS-REFERENCES [LOCAL, CANADA]
Link information for 9XX fields 1
998 ## - LOCAL CONTROL INFORMATION (RLIN)
Cataloger's initials, CIN (RLIN) bat
-- 2015-08-25
Holdings
Withdrawn status Lost status Source of classification or shelving scheme Damaged status Not for loan Home library Current library Date acquired Total Checkouts Barcode Date last seen Bill Date Koha item type
    Dewey Decimal Classification     Karen Baptist Theological Seminary Library Karen Baptist Theological Seminary Library 25/08/2015   15582 22/01/2022 22/01/2022 Books
Implemented & Customized by: BestBookBuddies

Powered by Koha